| 000 | 01005nam a2200289 i 4500 | ||
|---|---|---|---|
| 001 | 3186 | ||
| 003 | CO-BoRNBP | ||
| 005 | 20260508133443.0 | ||
| 007 | ta | ||
| 008 | 141031s2003 ck ag gr 000 0 spa d | ||
| 020 | _a9583358592 | ||
| 040 |
_aCO-BoRNBP _bspa _cCO-BoRNBP _erda |
||
| 041 | 0 | _aspa | |
| 082 | 0 | 4 |
_a398.8861 _bP17m _223 |
| 110 | 2 |
_aPatronato Colombiano de Artes y Ciencias _922435 |
|
| 245 | 1 | 0 |
_aManual de rondas y juegos infantiles de Colombia _bpre-danza nacional _cPatronato Colombiano de Artes y Ciencias |
| 250 | _aPrimera edición | ||
| 264 | 1 |
_aBogotá, Colombia _bPatronato Colombiano de Artes y Ciencias _c2003 |
|
| 300 |
_a205 páginas _bilustraciones a color _c24 cm _e1 DVD, 1 CD |
||
| 336 |
_atexto _btxt _2rdacontent |
||
| 337 |
_asin mediación _bn _2rdamedia |
||
| 338 |
_avolumen _bnc _2rdacarrier |
||
| 650 | 1 | 7 |
_aCanciones infantiles colombianas _2ARMARC _921793 |
| 650 | 1 | 7 |
_aJuegos con música _2ARMARC _928400 |
| 650 | 1 | 7 |
_aCanciones de cuna _2ARMARC _91027 |
| 942 |
_2ddc _cBK |
||
| 999 |
_c3186 _d3186 |
||